Rim Tim Tagi Dim Lyrics - Statistics

General Stats
  • This quiz has been taken 87 times
  • The average score is 177 of 266
Answer Stats
Answer % Correct
a
92%
I
92%
rim
92%
tim
92%
tagi
90%
dim
89%
no
89%
the
87%
going
84%
back
82%
big
82%
boy
82%
I'm
82%
to
82%
my
80%
leave
77%
there's
77%
hay
75%
now
75%
cow
74%
ready
70%
so
70%
ciao
69%
mamma
69%
all
67%
sold
67%
before
66%
and
64%
black
64%
must
64%
of
64%
cat
62%
confess
62%
on
62%
for
61%
good
61%
need
61%
time
61%
decompress
59%
one
59%
round
59%
whoa
59%
attacks
57%
miss
57%
more
57%
times
57%
but
56%
dance
54%
gonna
54%
bye
52%
most
52%
anxiety
51%
yeah
51%
you
51%
bed
49%
fades
49%
away
48%
presence
48%
please
46%
city
44%
meow
44%
boys
43%
digi
43%
don't
43%
mom
43%
they
43%
cry
41%
pretty
41%
dad
39%
let
39%
first
38%
know
38%
leaving
38%
maybe
38%
our
38%
us
38%
advanced
36%
also
36%
ay
36%
mostly
36%
with
36%
prance
34%
wanna
34%
come
33%
become
31%
just
31%
find
28%
hope
28%
in
28%
them
28%
y'all
28%
call
26%
light
26%
noise
26%
peace
26%
they're
26%
write
25%
I'ma
15%
No matching quizzes found
Score Distribution
Percent of People with Each Score
Percentile by Number Answered
Your Score History
You have not taken this quiz